Economía Informa /
Αποθηκεύτηκε σε:
| Συγγραφή απο Οργανισμό/Αρχή: | |
|---|---|
| Μορφή: | Βιβλίο |
| Γλώσσα: | Spanish |
| Έκδοση: |
México:
UNAM
|
| Διαθέσιμο Online: | texto completo desde el sitio de la revista |
| Ετικέτες: |
Προσθήκη ετικέτας
Δεν υπάρχουν, Καταχωρήστε ετικέτα πρώτοι!
|
MARC
| LEADER | 00000nam a22000007a 4500 | ||
|---|---|---|---|
| 003 | cru CIDCACS/IIS | ||
| 005 | 20220906112913.0 | ||
| 007 | ta | ||
| 008 | 170420| mx ||||| |||| 00| 0 spa d | ||
| 040 | |c CRAI/IIS |a CRAI/IIS | ||
| 090 | |a REV1299 | ||
| 110 | 1 | |9 4210 |a Universidad Nacional Autónoma de México. |b Facultad de Economía | |
| 245 | |a Economía Informa / |c Universidad Nacional Autónoma de México. Facultad de Economía | ||
| 260 | |a México: |b UNAM | ||
| 270 | |a Facultad de Economía, Edificio "B" primer piso. Circuito Interior, Ciudad Universitaria, D.F,. C.P. 04510 |d México | ||
| 310 | |a Bimensual | ||
| 500 | |a EXISTENCIAS:1996 (245-252) 1997 (254-260, 262) 1998 (263, 268-272) 1999 (273-277, 279-280, 282) 2000 (284, 286, 289-293) 2001 (294-296,311) 2002 (304, 311) 2003 (313, 316-321) 2004 (326,327,328,329,330,331) 2005 (332-337) 2006(338-343, 354) 2018 (410-411-412-413) 2019 (414) | ||
| 856 | |u http://www.economia.unam.mx/publicaciones/econinforma/wanteriores/anteriorl.html |y texto completo desde el sitio de la revista | ||
| 942 | |2 ddc |c PP | ||
| 999 | |c 19200 |d 19200 | ||
